000 00273nam a2200109Ia 4500
008 200302s9999 xx 000 0 und d
100 _aR. Chudley
245 _aConstruction Technology Vol 2
260 _bThe English Language Book Society
260 _c1978
300 _a242 P.,
999 _c224
_d224